Banco Industrial Colombiano : (Registro nro. 15426)

Detalles MARC
000 -LEADER
fixed length control field 01600cad a2200289 a 4500
003 - CONTROL NUMBER IDENTIFIER
control field OSt
005 - DATE AND TIME OF LATEST TRANSACTION
control field 20210318111509.0
008 - FIXED-LENGTH DATA ELEMENTS--GENERAL INFORMATION
fixed length control field 990412s19950000ck adcogr spa d
020 ## - INTERNATIONAL STANDARD BOOK NUMBER
International Standard Book Number 9586381846
040 ## - CATALOGING SOURCE
Original cataloging agency CO-BoPUJ
Transcribing agency CO-JMCR
041 ## - LANGUAGE CODE
Language code of text/sound track or separate title spa
082 04 - DEWEY DECIMAL CLASSIFICATION NUMBER
Classification number 332.37 /
Item number B213b
Edition number 23
110 2# - MAIN ENTRY--CORPORATE NAME
Corporate name or jurisdiction name as entry element Banco Industrial Colombiano : (Medellín)
9 (RLIN) 36281
245 10 - TITLE STATEMENT
Title Banco Industrial Colombiano :
Statement of responsibility, etc. cincuenta años /
Remainder of title Banco Industrial Colombiano ; investigación y textos, Jorge Valencia R. ; fotografía, Guillermo Melo, Pedro Javier Restrepo.
260 ## - PUBLICATION, DISTRIBUTION, ETC.
Place of publication, distribution, etc. Medellín, Colombia :
Name of publisher, distributor, etc. Editorial Colina,
Date of publication, distribution, etc. 1995
300 ## - PHYSICAL DESCRIPTION
Extent 158 páginas :
Other physical details ilustraciones, gráficos, retratos y fotografías a color ;
Dimensions 33 cm.
504 ## - BIBLIOGRAPHY, ETC. NOTE
Bibliography, etc. note Bibliografía: páginas 157-158
505 ## - FORMATTED CONTENTS NOTE
Formatted contents note Historia de una pasión -- El nacimiento del BIC -- La economía y el BIC : 1955-1970 -- Los doce años siguientes -- Los últimos años -- El reto del futuro -- la evolución tecnológica -- Publicidad e imagen corporativa -- Las filiales del BIC -- Valores que suman personas -- Perfiles biográficos -- Sucursales y agencias -- Juntas directivas 1945 - 1995.
650 14 - SUBJECT ADDED ENTRY--TOPICAL TERM
Topical term or geographic name entry element Banco Industrial Colombiano
General subdivision Historia
Geographic subdivision Colombia
9 (RLIN) 36282
650 24 - SUBJECT ADDED ENTRY--TOPICAL TERM
Topical term or geographic name entry element Historia de los bancos
Geographic subdivision Antioquia (Colombia)
9 (RLIN) 36283
650 24 - SUBJECT ADDED ENTRY--TOPICAL TERM
Topical term or geographic name entry element Banco industrial colombiano
Geographic subdivision Colombia
9 (RLIN) 36284
700 1# - ADDED ENTRY--PERSONAL NAME
Personal name Valencia R., Jorge,
Relator term coautor
9 (RLIN) 36285
700 1# - ADDED ENTRY--PERSONAL NAME
Personal name Melo, Guillermo,
Relator term fotógrafo
9 (RLIN) 36286
700 1# - ADDED ENTRY--PERSONAL NAME
Personal name Restrepo, Pedro Javier,
Relator term fotógrafo
9 (RLIN) 36287
773 0# - HOST ITEM ENTRY
Title Proa : Urbanismo, Arquitectura, Industria
Related parts No. 96 (Ene. 1956)
942 ## - ADDED ENTRY ELEMENTS (KOHA)
Source of classification or shelving scheme Dewey Decimal Classification
Koha item type Books
Existencias
Withdrawn status Lost status Source of classification or shelving scheme Damaged status Not for loan Home library Current library Shelving location Date acquired Source of acquisition Total Checkouts Full call number Barcode Date last seen Copy number Price effective from Koha item type
    Dewey Decimal Classification     Biblioteca Pública José María del Castillo y Rada Biblioteca Pública José María del Castillo y Rada General Stacks   Donación   332.37 / B213b 201810911 05/16/2024 Ej.1   Books